Developing M.I.S Management Information System / (Record no. 27385)

MARC details
000 -LEADER
fixed length control field 00796nam a22002537a 4500
003 - CONTROL NUMBER IDENTIFIER
control field OSt
005 - DATE AND TIME OF LATEST TRANSACTION
control field 20220103101628.0
008 - FIXED-LENGTH DATA ELEMENTS--GENERAL INFORMATION
fixed length control field 220103b |||||||| |||| 00| 0 eng d
020 ## - INTERNATIONAL STANDARD BOOK NUMBER
International Standard Book Number 9789671457719
040 ## - CATALOGING SOURCE
Transcribing agency MOSTI LIBRARY
090 00 - LOCALLY ASSIGNED LC-TYPE CALL NUMBER (OCLC); LOCAL CALL NUMBER (RLIN)
Classification number (OCLC) (R) ; Classification number, CALL (RLIN) (NR) 658.4038011 :
Local cutter number (OCLC) ; Book number/undivided call number, CALL (RLIN) TAL
100 1# - MAIN ENTRY--PERSONAL NAME
Personal name Talmizie, Amron
Relator term author
245 10 - TITLE STATEMENT
Title Developing M.I.S Management Information System /
Statement of responsibility, etc. Talmizie Amron
260 ## - PUBLICATION, DISTRIBUTION, ETC.
Place of publication, distribution, etc. Terengganu :
Name of publisher, distributor, etc. Talmizie Amron,
Date of publication, distribution, etc. 2019
300 ## - PHYSICAL DESCRIPTION
Extent ii,148 pages :
Other physical details illustrations ;
Dimensions 26 cm
500 ## - GENERAL NOTE
General note Include questions and answers
504 ## - BIBLIOGRAPHY, ETC. NOTE
Bibliography, etc. note Bibliography : page 148
650 10 - SUBJECT ADDED ENTRY--TOPICAL TERM
Topical term or geographic name entry element Management information systems
650 20 - SUBJECT ADDED ENTRY--TOPICAL TERM
Topical term or geographic name entry element Java (Computer program language)
650 20 - SUBJECT ADDED ENTRY--TOPICAL TERM
Topical term or geographic name entry element PHP (Computer program language)
650 20 - SUBJECT ADDED ENTRY--TOPICAL TERM
Topical term or geographic name entry element Internet programming
942 ## - ADDED ENTRY ELEMENTS (KOHA)
Source of classification or shelving scheme Dewey Decimal Classification
Koha item type Book
Suppress in OPAC No
949 ## - LOCAL PROCESSING INFORMATION (OCLC)
0 018325

No items available.